000 02403nam0a2200361 4500
001 RU\NLR\bibl\1036470
005 20260407112944.0
010 _a5-9552-0162-9
_9150
021 _aRU
_b2006-79191
_94017
035 _a(nilc)RSL-KNO-002996101
035 _a(NLR Aleph) 001023892
090 _a715845
_c715845
100 _a20061208d2006 |||y0rusy50 ca
101 0 _arus
102 _aRU
105 _ay |||||||||
200 1 _aПрименение оружия в ближнем бою
_eучебно-методическое пособие
_fМВД России, Гос. образоват. учреждение доп. проф. образования "Всерос. ин-т повышения квалификации сотрудников МВД России", Центр по подгот. специалистов по борьбе с терроризмом и экстремизмом
_g[Д.И. Федотов и др.]
210 _aДомодедово
_cРИО ВИПК МВД России
_d2006
215 _a30 с.
_d21
320 _aБиблиогр.: с. 29 (4 назв.)
606 1 _aПистолеты боевые
_jУчебно-методические пособия
_xСкоростная стрельба
_xИспользование укрытия
_92132388
_3RU\NLR\auth\661286310
610 0 _aГосударство и право. Юридические науки -- Административное право -- Российская Федерация -- Управление в области внутренних дел -- Организация и деятельность милиции -- Пособие для специалистов
686 _aХ621.163.1,07
_2rubbk
686 _aЦ521.24-912я7
702 1 _4220
_8rus
_7ca
_aФедотов
_bД. Л.
_cсотрудник МВД
_gДмитрий Львович
_3RU\NLR\AUTH\7748167
_931102
712 0 2 _4570
_aВсероссийский институт повышения квалификации сотрудников МВД России
_cДомодедово
_bЦентр подготовки специалистов по борьбе с терроризмом и экстремизмом
_3RU\NLR\AUTH\8810064992
_9631558
801 0 _aRU
_bРКП
_c20061208
_grcr
801 1 _aRU
_bРГБ
_c20061208
801 2 _aRU
_bNLR
_c20070126
_grcr
942 _cBOOK
980 _aNB